[Event "Angers op 8th"]
[Site "Angers"]
[Date "2013.05.05"]
[Round "5"]
[White "Durand Le Ludec, Brendan Bubok"]
[Black "Ismailov, Makhad"]
[Result "1-0"]
[WhiteElo "1842"]
[BlackElo "1625"]
[PlyCount "45"]
[EventDate "2013.05.03"]
[EventType "swiss"]
[EventRounds "6"]
[EventCountry "FRA"]
[SourceTitle "CBM 154 Extra"]
[Source "ChessBase"]
[SourceDate "2013.06.25"]
[SourceVersion "2"]
[SourceVersionDate "2013.06.25"]
[SourceQuality "1"]

1. e4 c5 2. Nf3 Nc6 3. d4 cxd4 4. Nxd4 e5 5. Nb5 a6 6. Nd6+ Bxd6 7. Qxd6 Qf6 8. Qd1 Qg6 9. Nc3 Nf6 10. f3 0-0 11. Nd5 Nxd5 12. Qxd5 Nd4 13. Kd1 d6 14. c3 Nc6 15. Be3 Be6 16. Qd2 Rfd8 17. Bd3 Rac8 18. Ke1 Na5 19. Bb6 Nc4 20. Bxc4 Bxc4 21. Bxd8 Rxd8 22. b3 Be6 23. c4 1-0

[Event "Angers op 8th"]
[Site "Angers"]
[Date "2013.05.03"]
[Round "1"]
[White "Rabouan, Jean Francois"]
[Black "Ismailov, Makhad"]
[Result "1/2-1/2"]
[WhiteElo "1896"]
[BlackElo "1625"]
[PlyCount "46"]
[EventDate "2013.05.03"]
[EventType "swiss"]
[EventRounds "6"]
[EventCountry "FRA"]
[SourceTitle "CBM 154 Extra"]
[Source "ChessBase"]
[SourceDate "2013.06.25"]
[SourceVersion "2"]
[SourceVersionDate "2013.06.25"]
[SourceQuality "1"]

1. e4 c5 2. Nf3 Nc6 3. Nc3 g6 4. d4 cxd4 5. Nxd4 Bg7 6. Nb3 d6 7. Be2 Nf6 8. 0-0 0-0 9. f4 Ne8 10. g4 f5 11. gxf5 gxf5 12. Kh1 Kh8 13. Rg1 Nf6 14. Bd3 fxe4 15. Nxe4 Nxe4 16. Bxe4 Bf5 17. Bxf5 Rxf5 18. Qg4 Qf8 19. c3 e5 20. Be3 exf4 21. Raf1 Ne5 22. Qh3 Qf7 23. Nd4 Rh5 1/2-1/2